| 000 | 00453cam a22001691 4500 | ||
|---|---|---|---|
| 082 |
_a539.7 _bOLD _cL-7, P-17. |
||
| 100 | 1 |
_aOldenberg, Otto, _940101 |
|
| 245 | 0 | 0 | _aIntroduction to atomic physics. |
| 250 | _a2d ed. | ||
| 260 |
_aNew York, _bMcGraw-Hill, _c1954. |
||
| 300 |
_a421 p. _billus. _c24 cm. |
||
| 526 |
_a0 _b0 _c0 _d539_700000000000000_OLD |
||
| 650 | 0 |
_aAtoms. _910462 |
|
| 650 | 0 |
_aMCE _9379 |
|
| 650 | 0 | _aNuclear energy. | |
| 942 |
_2ddc _cBK |
||
| 999 |
_c544466 _d544466 |
||